Nuclear structure and heavy-ion collisions : Varenna on Lake Como, Villa Monastero, 9th-21st July 1979 /

Bibliographic Details
Corporate Authors: International School of Physics "Enrico Fermi" Varenna, Italy, Società italiana di fisica
Other Authors: Broglia, R. A., Ricci, R. A., Dasso, C. H. (Carlo H.)
Format: Conference Proceeding Book
Language:English
Published: Amsterdam ; New York : North-Holland Pub. Co. ; 1981.
Series:Proceedings of the International School of Physics "Enrico Fermi" ; course 77
Subjects:

MARC

Tag First Indicator Second Indicator Subfields
LEADER 00000cam a2200000 a 4500
001 in00000085696
005 20151008053248.0
008 820616s1981 ne a b 00010 eng
010 |a  82140071  
015 |a It*** 
019 |a 8516119 
020 |a 0444854622 
035 |a (OCoLC)08424055 
035 |9 AAH6841AM 
039 0 |a 2  |b 3  |c 3  |d 3  |e 3 
040 |a DLC  |c DLC  |d TXA  |d UtOrBLW 
049 |a TXAM  |c [1805328] 
050 0 0 |a QC793.3 S8  |b  I577 1977 
082 0 |a 539.7/2  |2 19 
111 2 |a International School of Physics "Enrico Fermi"  |d (1977 :  |c Varenna, Italy) 
245 1 0 |a Nuclear structure and heavy-ion collisions :  |b Varenna on Lake Como, Villa Monastero, 9th-21st July 1979 /  |c edited by R.A. Broglia and R.A. Ricci and C.H. Dasso. 
264 1 |a Amsterdam ;  |a New York :  |b North-Holland Pub. Co. ;  |c 1981. 
264 2 |a New York, N.Y. :  |b Sole distributors for the U.S.A. and Canada, Elsevier North-Holland, 
300 |a xvi, 721 pages :  |b illustrations ;  |c 25 cm. 
336 |a text  |b txt  |2 rdacontent 
337 |a unmediated  |b n  |2 rdamedia 
338 |a volume  |b nc  |2 rdacarrier 
490 1 |a Proceedings of the International School of Physics "Enrico Fermi" ;  |v course 77 
500 |a At head of title: Italian Physical Society. 
500 |a Added title page: Struttura nucleare e collisioni di ioni pesanti. 
504 |a Includes bibliographical references. 
650 0 |a Nuclear structure  |v Congresses. 
650 0 |a Heavy ion collisions  |v Congresses. 
700 1 |a Broglia, R. A. 
700 1 |a Ricci, R. A. 
700 1 |a Dasso, C. H.  |q (Carlo H.) 
710 2 |a Società italiana di fisica. 
740 0 |a Struttura nucleare e collisioni di ioni pesanti. 
811 2 0 |a International School of Physics "Enrico Fermi."  |t Proceedings of the International School of Physics "Enrico Fermi" ;  |v course 77. 
999 |a MARS 
999 f f |s 46a36ac1-b4f1-3c51-ab60-15ceab8b9baa  |i 28851771-ef99-3ef7-ac2f-8ac3cf83fb0e  |t 0 
952 f f |p normal  |a Texas A&M University  |b College Station  |c Sterling C. Evans Library  |d Evans: Library Stacks  |t 0  |e QC793.3 S8 I577 1977  |h Library of Congress classification  |i unmediated -- volume  |m A14805952801 
998 f f |a QC793.3 S8 I577 1977  |t 0  |l Evans: Library Stacks